Normal view
MARC view
Entry Topical Term
001 - CONTROL NUMBER
- control field: 9543
003 - CONTROL NUMBER IDENTIFIER
- control field: BD-RjUL
005 - DATE AND TIME OF LATEST TRANSACTION
- control field: 20231015135639.0
008 - FIXED-LENGTH DATA ELEMENTS
- fixed length control field: 231015|| aca||aabn | a|a d
040 ## - CATALOGING SOURCE
- Original cataloging agency: BD-RjUL
- Transcribing agency: BD-RjUL
150 ## - HEADING--TOPICAL TERM
- Topical term or geographic name entry element: Veterinary Medicine
- General subdivision: Epidemiology
- Form subdivision: Mange
- Geographic subdivision: Bangladesh
- Geographic subdivision: Rajshahi District
670 ## - SOURCE DATA FOUND
- Source citation: Work cat.: (BD-RjUL)82111: RAHMAN, SHAZIEA 9542, EPIDEMILOLGY AND CONTROL OF MANGE ON GOAT IN RAJSHAHI DISTRICT /, 2014